000 02310cab a2200325Ia 45 0
001 u191132
003 SIRSI
008 110410s2010 ua ss b eng d
040 _aEAL
041 _aeng
_bara
090 _aART EJAR V88 No3 8
100 1 _aYounes, M. W. F.
240 1 0 _aEgyptian journal of agricultural research, 2010 v. 88 (3)
_h[electronic resource].
245 1 0 _aSurvey of pests and their associated natural enemies on six cantaloupe Cucumis meld L. varieties in Qaha region, Qualyobia Governorate, Egypt
_h[electronic resource].
246 1 5 _aحصر للافات و الاعداء الحيوية المصاحبة لها علي ستة أصناف من الكانتالوب Cucumis melo في منطقة قها بمحافظة القليوبية – مصر.
300 _aP. 739-754.
504 _aIncludes references.
520 _aSampling of six cantaloupe varieties namely Ideal, E81- 065, Mirella, Vicar, E81- 013 and Magenta was conducted in summer plantation during two successive growing seasons (2006 and 2007) to determine the pests and their associated natural enemies on cantaloupe in Qaha region of Qualyobia Governorate. Two sampling techniques were conducted, water traps filled with water and detergent (pit- fall traps) and direct field observations followed by laboratory examination. Two arthropod classes were recorded during the present study (Insecta and Arachnida). At the present survey, there is a complete systematic arrangement of orders, suborders, superfamilies and families. Frequency of different species, developmental stages, sites and periods of occurrence were recorded. Insecta was represented by thirty seven species belonging to twenty one families of six insect orders, Hemiptera, Lepidoptera, Orthoptera, Thysanoptera, Neuroptera and Dermaptera.
546 _aSummary in Arabic.
650 0 _aMuskmelon
_zQualyobia (Egypt).
650 0 _aMuskmelon
_xVarieties.
650 0 _aPests
_xBiological control.
650 0 _aInsects
_xHost plants.
700 1 _aEl-Sebaey, I. I. A.
700 1 _aHanafy, A. R. I.
700 1 _aAbd–Allah, Y. N. M.
773 0 _tEgyptian Journal of Agricultural Research.
_g2010.v.88(3)
_x0111-2675
_7nnas
_wu158585
856 4 0 _uhttp://nile.enal.sci.eg/EALE/2010/EJAR/8810/3/739.pdf
_zFull Text Article.
596 _a1
942 _cAR
_2lcc
999 _c45622
_d45622